[Event "World-chT Rapid"]
[Site "Duesseldorf"]
[Date "2023.08.28"]
[Round "9"]
[White "Alonso, Jose Antonio"]
[Black "Schaefer, Daniel"]
[Result "0-1"]
[WhiteElo "1836"]
[BlackElo "1884"]
[PlyCount "148"]
[EventDate "2023.08.26"]
[EventType "team-swiss (rapid)"]
[EventRounds "12"]
[EventCountry "GER"]
[SourceTitle "CBM 215 Extra"]
[Source "ChessBase"]
[SourceDate "2023.09.30"]
[SourceVersion "1"]
[SourceVersionDate "2023.09.30"]
[SourceQuality "1"]
[WhiteTeam "Blerickse Schaakvereniging"]
[BlackTeam "Heilbronn Hustlers"]
[WhiteTeamCountry "NED"]
[BlackTeamCountry "GER"]

1. e4 e5 2. Nf3 Nc6 3. Bc4 Bc5 4. c3 Nf6 5. d3 0-0 6. 0-0 d5 7. exd5 Nxd5 8. Bg5 f6 9. Bh4 Kh8 10. b4 Bb6 11. a4 a6 12. Re1 Re8 13. h3 Bf5 14. b5 axb5 15. Bxb5 Qd6 16. Bg3 Qc5 17. c4 Nf4 18. d4 Nxd4 19. Bxf4 Nxb5 20. Be3 Nd4 21. Nbd2 Red8 22. Nh4 Be6 23. Rb1 Qc6 24. Qh5 Kg8 25. Bxd4 Rxd4 26. Ndf3 Rxc4 27. Nf5 Qe8 28. Qxe8+ Rxe8 29. Ne3 Rxa4 30. Red1 Kf7 31. Rb2 Bxe3 32. fxe3 b6 33. Rc2 Rc8 34. Rdc1 c5 35. Rb2 Rc6 36. Rcb1 Ra6 37. Nd2 Ke7 38. Kf2 Ra2 39. Rxa2 Bxa2 40. Ra1 Be6 41. Ra7+ Bd7 42. Rb7 Rd6 43. Nc4 Rd1 44. Nxb6 Ke6 45. Rc7 Rd6 46. Nc4 Rc6 47. Rb7 Kd5 48. Nb6+ Rxb6 49. Rxb6 c4 50. Ke2 Bf5 51. g4 Bg6 52. Kd2 Ke4 53. Rb4 Kf3 54. Rxc4 Kg3 55. Rc7 Kxh3 56. Rxg7 Kxg4 57. Ke2 Kg3 58. Rg8 Kg4 59. Kf2 f5 60. Rb8 f4 61. Rb4 e4 62. exf4 Kxf4 63. Ra4 h5 64. Ra8 Bf5 65. Rf8 h4 66. Rh8 h3 67. Rh4+ Kg5 68. Rh8 Kf4 69. Rh6 e3+ 70. Ke2 Bg4+ 71. Ke1 Kg3 72. Rh8 h2 73. Rh7 Kg2 74. Rh4 h1Q+ 0-1

[Event "World-chT Rapid"]
[Site "Duesseldorf"]
[Date "2023.08.28"]
[Round "11"]
[White "Holoubek, Jonas"]
[Black "Alonso, Jose Antonio"]
[Result "0-1"]
[WhiteElo "1570"]
[BlackElo "1836"]
[PlyCount "78"]
[EventDate "2023.08.26"]
[EventType "team-swiss (rapid)"]
[EventRounds "12"]
[EventCountry "GER"]
[SourceTitle "CBM 215 Extra"]
[Source "ChessBase"]
[SourceDate "2023.09.30"]
[SourceVersion "1"]
[SourceVersionDate "2023.09.30"]
[SourceQuality "1"]
[WhiteTeam "Bayreuth Unischach"]
[BlackTeam "Blerickse Schaakvereniging"]
[WhiteTeamCountry "GER"]
[BlackTeamCountry "NED"]

1. d4 Nf6 2. c4 e6 3. Nf3 b6 4. g3 Bb7 5. Bg2 c5 6. 0-0 cxd4 7. Nxd4 Bxg2 8. Kxg2 Bc5 9. e3 0-0 10. a3 Qc7 11. Qc2 Nc6 12. Nb5 Qb7 13. f3 a6 14. b4 axb5 15. bxc5 bxc5 16. cxb5 Qxb5 17. Nc3 Qc4 18. Qd2 d5 19. Bb2 Rfb8 20. Rfc1 Na5 21. Ne2 Nb3 22. Rxc4 Nxd2 23. Rc2 Nc4 24. Rxc4 Rxb2 25. Rxc5 Rxe2+ 26. Kf1 Rxh2 27. Kg1 Re2 28. Rac1 h6 29. R5c3 Kh7 30. Kf1 Ra2 31. g4 R2xa3 32. Rc7 Rxe3 33. Rxf7 Rxf3+ 34. Kg2 Rf4 35. Rcc7 Rxg4+ 36. Kf3 Rg6 37. Kf4 Ra4+ 38. Ke5 Re4+ 39. Kd6 Ne8+ 0-1

[Event "World-chT Rapid"]
[Site "Duesseldorf"]
[Date "2023.08.27"]
[Round "7.15"]
[White "Giebel, Christine"]
[Black "Alonso, Jose Antonio"]
[Result "0-1"]
[WhiteElo "1830"]
[BlackElo "1836"]
[PlyCount "78"]
[EventDate "2023.08.26"]
[EventType "team-swiss (rapid)"]
[EventRounds "12"]
[EventCountry "GER"]
[SourceTitle "CBM 215 Extra"]
[Source "ChessBase"]
[SourceDate "2023.09.30"]
[SourceVersion "1"]
[SourceVersionDate "2023.09.30"]
[SourceQuality "1"]
[WhiteTeam "Magdeburg and Friends"]
[BlackTeam "Blerickse Schaakvereniging"]
[WhiteTeamCountry "GER"]
[BlackTeamCountry "NED"]

1. e4 d5 2. exd5 Nf6 3. d4 Bg4 4. Nf3 Nxd5 5. c4 Nf6 6. Nc3 e6 7. Be2 Nbd7 8. h3 Bh5 9. Be3 Bb4 10. 0-0 0-0 11. a3 Bxc3 12. bxc3 c6 13. g4 Bg6 14. Bg5 Qa5 15. Bxf6 Nxf6 16. Qb3 Rab8 17. Ne5 Ne4 18. Qb4 Qc7 19. Nxg6 hxg6 20. Bd3 Ng5 21. Kg2 Qf4 22. Be2 Qe4+ 23. f3 Qxe2+ 24. Rf2 Qe3 25. h4 Nh7 26. g5 Rfd8 27. Rh1 b6 28. Rh3 c5 29. Qb1 cxd4 30. f4 Rbc8 31. Rxe3 dxe3 32. Re2 Rd2 33. Kf3 Rcd8 34. Rxe3 Nf8 35. Qc1 f5 36. Re2 Rd1 37. Qc2 R1d3+ 38. Re3 Rd2 39. Re2 Rxc2 0-1

[Event "ESP-ch rapid"]
[Site "Linares"]
[Date "2019.08.24"]
[Round "1"]
[White "Alonso, Jose Antonio"]
[Black "Espinosa Aranda, Angel"]
[Result "0-1"]
[WhiteElo "1896"]
[BlackElo "2497"]
[PlyCount "52"]
[EventDate "2019.08.24"]
[EventType "swiss (rapid)"]
[EventRounds "9"]
[EventCountry "ESP"]
[SourceTitle "EXT 2020"]
[Source "ChessBase"]
[SourceDate "2019.10.17"]
[SourceVersion "1"]
[SourceVersionDate "2019.10.17"]
[SourceQuality "1"]

1. e4 c5 2. Nf3 e6 3. b3 b6 4. Bb2 Bb7 5. Nc3 d6 6. Be2 Nd7 7. 0-0 Ngf6 8. d3 Be7 9. h3 0-0 10. Nh2 d5 11. exd5 exd5 12. Bf3 Ne5 13. Ne2 Nxf3+ 14. Nxf3 d4 15. Ng3 Re8 16. Re1 Qc7 17. Qd2 Bd6 18. Ne2 Bxf3 19. gxf3 Qd7 20. Kg2 Nh5 21. Rg1 Rxe2 22. Qg5 Nf4+ 23. Kf1 Qxh3+ 24. Rg2 Nxg2 25. Kxe2 Re8+ 26. Kf1 Nh4+ 0-1

[Event "ESP-ch rapid"]
[Site "Linares"]
[Date "2018.08.19"]
[Round "1"]
[White "Alonso, Jose Antonio"]
[Black "Estremera Panos, Sergio"]
[Result "0-1"]
[WhiteElo "1920"]
[BlackElo "2337"]
[PlyCount "66"]
[EventDate "2018.08.19"]
[EventType "swiss (rapid)"]
[EventRounds "9"]
[EventCountry "ESP"]
[SourceTitle "CBM 186 Extra"]
[Source "ChessBase"]
[SourceDate "2018.08.24"]
[SourceVersion "1"]
[SourceVersionDate "2018.08.24"]
[SourceQuality "1"]

1. e4 c5 2. Nf3 e6 3. b3 Nc6 4. Bb2 d6 5. Bb5 Nf6 6. Nc3 Bd7 7. 0-0 Be7 8. h3 0-0 9. Re1 Qb6 10. a4 a6 11. Be2 Nd4 12. Bd3 e5 13. Nd5 Nxd5 14. exd5 f5 15. Rb1 Bf6 16. Nxd4 cxd4 17. c4 e4 18. Bf1 d3 19. Bxf6 Rxf6 20. Kh2 Qxf2 21. Re3 f4 22. Rxe4 Qg3+ 23. Kh1 f3 24. Re3 Raf8 25. Qe1 Qg5 26. Qf2 fxg2+ 27. Qxg2 Qh6 28. Bxd3 Rf2 29. Qg3 Rxd2 30. Rg1 Rff2 31. Rf3 Rxf3 32. Qxf3 Bxh3 33. Qg3 Bg2# 0-1

[Event "Niederrhein-ch"]
[Site "Solingen"]
[Date "2018.03.27"]
[Round "5.9"]
[White "Wilde, Justin"]
[Black "Alonso, Jose Antonio"]
[Result "1-0"]
[WhiteElo "1816"]
[BlackElo "1835"]
[PlyCount "93"]
[EventDate "2018.03.23"]
[EventType "swiss"]
[EventRounds "7"]
[EventCountry "GER"]
[SourceTitle "EXT 2022"]
[Source "ChessBase"]
[SourceDate "2021.10.06"]
[SourceVersion "1"]
[SourceVersionDate "2021.10.06"]
[SourceQuality "1"]

1. d4 g6 2. c4 Bg7 3. e4 c5 4. d5 d6 5. Nf3 Nd7 6. Nc3 Ne5 7. Nxe5 Bxe5 8. Be3 f5 9. exf5 Bxf5 10. Bd3 Qd7 11. Bxf5 Qxf5 12. Qb3 Nf6 13. 0-0 0-0 14. f4 Bxc3 15. Qxc3 Rf7 16. Rae1 b6 17. Bc1 b5 18. b3 b4 19. Qe3 Raf8 20. Bb2 Ng4 21. Qe2 a5 22. g3 h5 23. Qe6 Nh6 24. Qxf5 Nxf5 25. Re6 Kh7 26. Rfe1 Ra8 27. Kg2 a4 28. h3 axb3 29. axb3 Ra2 30. R1e2 Ng7 31. R6e4 Kg8 32. g4 Ra7 33. Kg3 Ne8 34. gxh5 gxh5 35. Kh4 Ra2 36. Kg5 Kf8 37. Kh6 Nf6 38. Re6 Rh7+ 39. Kg5 Rf7 40. f5 Ne8 41. Rh6 Nf6 42. Rh8+ Ng8 43. Kf4 Rxb2 44. Rxb2 Rg7 45. Ra2 Kf7 46. Ra8 Rg1 47. Rh7+ 1-0

[Event "Goch op 26th"]
[Site "Goch"]
[Date "2015.09.04"]
[Round "3"]
[White "Vangsgaard, Freja"]
[Black "Alonso, Jose Antonio"]
[Result "1-0"]
[WhiteElo "1957"]
[BlackElo "1796"]
[PlyCount "105"]
[EventDate "2015.09.03"]
[EventType "swiss"]
[EventRounds "7"]
[EventCountry "GER"]
[SourceTitle "EXT 2018"]
[Source "ChessBase"]
[SourceDate "2017.10.13"]
[SourceVersion "1"]
[SourceVersionDate "2017.10.13"]
[SourceQuality "1"]

1. d4 Nf6 2. c4 e6 3. Nc3 Bb4 4. e3 b6 5. Nge2 Bb7 6. a3 Be7 7. d5 0-0 8. Ng3 d6 9. Be2 Nbd7 10. e4 h6 11. 0-0 Nh7 12. f4 Bh4 13. Be3 exd5 14. exd5 Re8 15. Bd4 Bf6 16. Bf3 Nc5 17. Nh5 g6 18. Nxf6+ Nxf6 19. b4 Ncd7 20. Qd3 a5 21. Nb5 Ba6 22. Nc3 axb4 23. axb4 Bb7 24. Rxa8 Qxa8 25. Nb5 Qc8 26. Ra1 Kh7 27. Kf1 Re7 28. Na7 Qf8 29. Nc6 Re8 30. Ra7 Bxc6 31. dxc6 Qe7 32. Qe2 Qd8 33. Qb2 Qe7 34. Ra1 Ne4 35. cxd7 Qxd7 36. Re1 f5 37. Qc2 c5 38. Ba1 cxb4 39. Bxe4 Qe6 40. Kf2 fxe4 41. Qb2 Qf7 42. Rxe4 Rg8 43. Qxb4 Qa7 44. Bf6 b5+ 45. Kg3 Rg7 46. Bxg7 Qxg7 47. cxb5 g5 48. fxg5 Qxg5+ 49. Rg4 Qe3+ 50. Kh4 Qe7+ 51. Kh3 Qe3+ 52. Rg3 Qe5 53. Qg4 1-0